Rastúce náklady pohlcujú obchodníci

Časy, keď spotrebitelia dvíhali obočie pri informácii o cene za doručenie tovaru, už dávno pominuli. Či už ide o objednávky jedla, potravín, alebo aj rozmernejšieho a drahšieho tovaru, bezplatná doprava sa stala iba súčasťou krátkodobých akciových ponúk. Ak aj obchodník deklaruje, že je doprava zada...

Ausführliche Beschreibung

Gespeichert in:
Bibliographische Detailangaben
1. Verfasser: Kapitán, Peter
Format: Buchkapitel
Sprache:Slowakisch
Schlagworte:
Tags: Tag hinzufügen
Keine Tags, Fügen Sie das erste Tag hinzu!

MARC

LEADER 00000naa a2200000 4500
001 0315406
005 20260312094843.9
041 0 |a slo 
044 |a CZ 
245 1 0 |a Rastúce náklady pohlcujú obchodníci  |c Peter Kapitán 
520 |a Časy, keď spotrebitelia dvíhali obočie pri informácii o cene za doručenie tovaru, už dávno pominuli. Či už ide o objednávky jedla, potravín, alebo aj rozmernejšieho a drahšieho tovaru, bezplatná doprava sa stala iba súčasťou krátkodobých akciových ponúk. Ak aj obchodník deklaruje, že je doprava zadarmo, často sa na faktúre zjaví položka s názvom napríklad manipulačné náklady. Aj zákazník však má len určitú mieru, do akej je ochotný dodatočné náklady na dovoz akceptovať, a tak aj obchodníci musia stále vymýšľať nové spôsoby, ako doručovanie zachovať udržateľným. 
610 2 0 |a obchod elektronický 
610 2 0 |a potraviny 
610 2 0 |a služby donáškové 
610 2 0 |a donáška do domu 
610 2 0 |a riadenie zásob 
610 2 0 |a ekológia 
100 1 |a Kapitán, Peter